| 000 | 01209cam a22003613a 4500 | ||
|---|---|---|---|
| 001 | 2145 | ||
| 003 | FISKH | ||
| 005 | 20231107141701.0 | ||
| 008 | 040116s2003 nyua j 000 1 eng d | ||
| 010 | _a 2004266952 | ||
| 020 | _a068985594X (lib. bdg.) | ||
| 020 | _a9780689850196 | ||
| 035 | _a(OCoLC)ocm51814999 | ||
| 040 |
_aEOW _cEOW _dTPN _dOCLCQ _dBAKER _dDLC _beng |
||
| 043 | _an-us-tn | ||
| 050 | 0 | 0 | _aMLCS 2006/42182 (P) |
| 082 | _a813.6 | ||
| 100 | 1 |
_aMcKissack, Pat, _d1944-2017. |
|
| 245 | 1 | 0 |
_aTippy Lemmey / _cby Patricia C. McKissack ; illustrated by Susan Keeter. |
| 260 |
_aNew York : _bAladdin, _c2003. |
||
| 300 |
_a59 pages : _billustrations ; _c20 cm |
||
| 440 | 0 | _aReady-for-chapters | |
| 505 | _aO | ||
| 520 | _aLeandra, Paul, and Jeannie keep trying to avoid a dog named Tippy Lemmey until they discover that he is not really their enemy. | ||
| 521 |
_a610
_bLexile |
||
| 521 |
_aO
_bRaz-Plus |
||
| 650 | 0 |
_aDogs _vJuvenile fiction. |
|
| 650 | 0 |
_aAfrican Americans _zTennessee _vJuvenile fiction. |
|
| 651 | 0 |
_aTennessee _vJuvenile fiction. |
|
| 700 | 1 |
_aKeeter, Susan, _eillustrator |
|
| 906 |
_a7 _bcbc _ccopycat _d4 _encip _f20 _gy-gencatlg |
||
| 942 |
_2ddc _cBK _n0 |
||
| 999 |
_c2145 _d2145 |
||